ნორმალური ფორმატი
MARC ფორმატი
ჩანაწერი Personal Name
ჩანაწერთა რაოდენობა, რომელიც გამოყენებულია: 2
001 - CONTROL NUMBER
- control field: 10567
003 - CONTROL NUMBER IDENTIFIER
- control field: GE_BSU
005 - DATE AND TIME OF LATEST TRANSACTION
- control field: 20210318144433.0
008 - FIXED-LENGTH DATA ELEMENTS
- fixed length control field: 210318|| aca||aabn | a|a d
040 ## - CATALOGING SOURCE
- Original cataloging agency: GE_BSU
- Transcribing agency: GE_BSU
100 ## - HEADING--PERSONAL NAME
- Personal name: თაბუკაშვილი, ო.
- Relator term: სამეცნ. ხელმძვანელი
670 ## - SOURCE DATA FOUND
- Source citation: Work cat.: (GE_BSU)55473: თავაძე, სოფიო 5013, თემატური ნოვაციები და სტილისტური ტენდენციები "სამოციანელთა" შემოქმედებაში /
